Welcome to the Holygrace Academy Library

Please use search bar below to get started

A BOOK OF FAIRIES (Record no. 217)

MARC details
000 -LEADER
fixed length control field 00527nam a22001457a 4500
020 ## - INTERNATIONAL STANDARD BOOK NUMBER
ISBN 0-7497-0815-6
082 ## - DEWEY DECIMAL CLASSIFICATION NUMBER
Classification number 823
Item number BLY/B
100 ## - MAIN ENTRY--AUTHOR NAME
Personal name ENID BLYTON
245 ## - TITLE STATEMENT
Title A BOOK OF FAIRIES
260 ## - PUBLICATION, DISTRIBUTION, ETC. (IMPRINT)
Place of publication GREAT BRITAIN
Name of publisher MAMMOTH
Year of publication 1992
300 ## - PHYSICAL DESCRIPTION
Number of Pages 184
520 ## - SUMMARY, ETC.
Summary, etc FAIRYLAND IS FULL OF MAGIC AND ENCHANTMENT, AND THE LUCKY CHILDREN IN THESE STORIES HAVE THE MOST THRILLING AND SURPRISING ADVENTURES WITH FAIRIES, PIXIES, ELVES, BROWNIES - AND EVEN WITCHES AND GAINTS!
650 ## - SUBJECT ADDED ENTRY--TOPICAL TERM
Topical Term CHILDREN'S STORY BOOK
Geographic subdivision UNITED KINGDOM
942 ## - ADDED ENTRY ELEMENTS (KOHA)
Koha item type Books
Holdings
Withdrawn status Lost status Collection code Home library Current library Shelving location Date acquired Full call number Accession Number Koha item type
    Fiction Main Library Main Library SHELF-12D-ENID BLYTON FAMOUS FIVE 09/03/2002 823 BLY/B 00021 Books